000 00814cam a2200241 4500
008 090401t1991 xxu||||| |||| 00| 0 eng d
020 _a0632032022
035 _a(Sirsi) u5050
041 _aeng
050 _a692.3
100 _aWillis, Christopher J
245 _aSpecification writing for architects and surveyors.
250 _a10th ed.
260 _aOxford
_bBSP Professional Books
_c1991
300 _avi,136p. ; 23cm.
350 _a15.95
520 _aFolded plan inside back cover. Standard text on effective communication between architects, surveyors and clients. Includes a chapter on the National Building Specification, also on Common Arrangement.
650 _aSPECIFICATION
690 _aQuantity surveying
_96263
700 _aWillis, J. Andrew
942 _n0
948 _c04/03/1997
999 _c86114
_d86114